000 00521nam a2200169 i 4500
001 102454
003 ES-MaACL
007 t|
008 051110s1931 fr ||||1| fre d
100 1 _aMeredith, George.
_980476
245 1 0 _aDiane de la Croisée des Chemins /
_cGeorge Meredith; traduit de l'anglais por Lucien Wolff.
250 _a4ª ed.
260 _aParis :
_bEditions de la Nouvelle Revue Française,
_c1931.
300 _a2 v. ;
_c19 cm.
700 1 _aWolff, Lucien.
_9117258
852 _aES-MaACL
_jE-3690-1
999 _c102454
_d102454